| 000 | 00671 a2200181 4500 | ||
|---|---|---|---|
| 003 | NUST | ||
| 038 | _aa | ||
| 082 | _aBEE-4 | ||
| 100 |
_aAbdullah Intekhab and Furqan Naseer _993039 |
||
| 245 |
_aGesture based object control [project report BEE-4] _cAbdullah Intekhab and Furqan Naseer _hEnglish |
||
| 260 |
_aIslamabad _bNUST School of Electrical Engineering and Computer Science _c2011. |
||
| 300 |
_a72p. _b;ill. _c:27cm. + _eCD-ROM |
||
| 500 | _aSupervisors: Kamran Zaidi and Shamyl Bin Mansoor | ||
| 563 | _aa | ||
| 700 |
_aAbdullah Intekhab and Furqan Naseer _993039 |
||
| 856 | _uhttp://10.250.8.41:8080/xmlui/handle/123456789/10680 | ||
| 942 |
_cTHE _kBEE-4 ABD _2ddc |
||
| 999 |
_c10587 _d10587 |
||